| 000 | 00000nam##2200000za#4500 |
| 001 | 9.680175 |
| 003 | CaOODSP |
| 005 | 20200421163634 |
| 007 | ta |
| 008 | 150407|1996||||xxc||||| f|0| 0 fre|d |
| 020 | |a0-662-82212-9 |
| 040 | |aCaOODSP|bfre |
| 043 | |an-cn--- |
| 086 | 1 |aNH15-182/1997F |
| 110 | 2 |aSociété canadienne d'hypothèques et de logement. |
| 245 | 10|aSymposium sur le logement au XXIe siècle : |bcompte rendu / |cPréparé sous la direction de Avi Friedman. |
| 260 | |aMontréal - Québec : |bSociété canadienne d'hypothèques et de logement |c1996. |
| 300 | |a39p. : |bfigures, graphiques ; |c28 cm. |
| 563 | |aCouverture souple |
| 590 | |a97-29|b1997-07-18 |
| 720 | 1 |aFriedman, Avi |
| 775 | 08|tSymposium: housing the next century : |w(CaOODSP)9.646657 |
| 776 | 0#|tSymposium sur le logement au XXIe siècle |w(CaOODSP)9.846861 |